An exploratory study of home-grown franchise developments in Singapore /
Saved in:
| 主要作者: | |
|---|---|
| 格式: | Thesis 图书 |
| 语言: | English |
| 出版: |
1996.
|
| 主题: | |
| 标签: |
添加标签
没有标签, 成为第一个标记此记录!
|
| LEADER | 00877cam a2200253 a 4500 | ||
|---|---|---|---|
| 001 | u397121 | ||
| 003 | SIRSI | ||
| 008 | 960527s1996 si v 00 1 eng m | ||
| 035 | |a ACA-2802 | ||
| 040 | |a UMM | ||
| 043 | |a a-si--- | ||
| 090 | |a HF5429.235 |b S55Lee | ||
| 100 | 1 | 0 | |a Lee, Heng. |
| 245 | 1 | 3 | |a An exploratory study of home-grown franchise developments in Singapore / |c by Lee Heng. |
| 260 | |c 1996. | ||
| 300 | |a 1 v. (various pagings) : |b ill. ; |c 31 cm. | ||
| 502 | |a Dissertation (M.B.A.) -- National University of Singapore, 1996. | ||
| 504 | |a Includes bibliographical references. | ||
| 650 | 0 | |a Franchises (Retail trade) |z Singapore | |
| 650 | 0 | |a New business enterprises |z Singapore | |
| 650 | 0 | |a Retail trade |z Singapore. | |
| 948 | |a 27/05/1996 |b 25/11/2000 | ||
| 596 | |a 1 | ||
| 999 | |a HF5429.235 S55LEE |w LC |c 1 |i A505826584 |d 28/9/2000 |l STACKS |m P01UTAMA |n 12 |r Y |s Y |t TESIS |u 30/9/1996 | ||
